Online
Catalog

Obras completas / (Record no. 4179)

MARC details
000 -CABECERA
campo de control de longitud fija 00833cam a2200217 a 4500
001 - NÚMERO DE CONTROL
campo de control 000004370
005 - FECHA Y HORA DE LA ÚLTIMA TRANSACCIÓN
campo de control 20200929151431.0
008 - DATOS DE LONGITUD FIJA--INFORMACIÓN GENERAL
campo de control de longitud fija 840504u1900uuuusp 001 0 spa
040 ## - FUENTE DE LA CATALOGACIÓN
Centro catalogador/agencia de origen DO-SdBNP
Lengua de catalogación spa
Centro/agencia transcriptor BNPHU
082 ## - NÚMERO DE LA CLASIFICACIÓN DECIMAL DEWEY
Número de clasificación 822.33
Número de documento/Ítem S527ó
100 1# - ENTRADA PRINCIPAL--NOMBRE DE PERSONA
Nombre de persona Shakespeare, W.,
Forma completa/desarrollada del nombre (Stratford-upon-Avon)
Fechas asociadas al nombre 1564-1616.
9 (RLIN) 12872
245 10 - MENCIÓN DE TÍTULO
Título Obras completas /
Mención de responsabilidad, etc. W. Shakespeare ; prólogo, Víctor Hugo ; traducción, R. Martínez Lafuente.
260 ## - PUBLICACIÓN, DISTRIBUCIÓN, ETC.
Lugar de publicación, distribución, etc. Valencia, España :
Nombre del editor, distribuidor, etc. Prometeo,
Fecha de publicación, distribución, etc. [1900?].
300 ## - DESCRIPCIÓN FÍSICA
Extensión v. ;
Dimensiones 20 cm.
490 1# - MENCIÓN DE SERIE
Mención de serie Libros Célebres Españoles Extranjeros
650 #4 - PUNTO DE ACCESO ADICIONAL DE MATERIA--TÉRMINO DE MATERIA
Término de materia o nombre geográfico como elemento de entrada Teatro inglés
Subdivisión general Historia
Subdivisión cronológica SIGLO XVI
9 (RLIN) 12873
650 #4 - PUNTO DE ACCESO ADICIONAL DE MATERIA--TÉRMINO DE MATERIA
Término de materia o nombre geográfico como elemento de entrada Literatura inglesa
9 (RLIN) 498
700 1# - PUNTO DE ACCESO ADICIONAL--NOMBRE DE PERSONA
Nombre de persona Hugo, Víctor,
Término indicativo de función/relación pról.
9 (RLIN) 12874
700 1# - PUNTO DE ACCESO ADICIONAL--NOMBRE DE PERSONA
Nombre de persona Martínez Lafuente, R.,
Término indicativo de función/relación tr.
Fechas asociadas al nombre 1866-1954,
Término indicativo de función/relación tr.
9 (RLIN) 12875
830 #0 - PUNTO DE ACCESO ADICIONAL DE SERIE-TÍTULO UNIFORME
Título uniforme Libros Célebres Españoles Extranjeros.
9 (RLIN) 12876
Holdings
Estado de retiro Estado de pérdida Restricciones de uso No para préstamo Código de colección Localización permanente Ubicación/localización actual Ubicación en estantería Fecha de adquisición Número de inventario Total de préstamos Signatura topográfica completa Código de barras Fecha visto por última vez Número de copia Precio válido a partir de Tipo de ítem Koha
    Préstamo restringido Préstamo restrigido Monografías: Libros y Folletos General General En catalogación 21.07.2009 LF1   822.33 S527ó 4370-10 25.06.2020 e.2 25.06.2020 Préstamo interno

Powered by Koha